00606nam a2200193Ia 4500003000900000008004100009020002200050040001600072080001700088100002100105245011700126260004000243300001400283490003400297650001900331650002200350650001900372700002100391IN-BaIIA211028s9999 xx 000 0 eng d a978-0-201-01510-2 cIIA Library a530.145bDIC aDicke, Robert H. 0aIntroduction to quantum mechanicscRobert H. Dicke and James P. Wittke  aMassachusettsbAddison-Wesleyc1963 axi, 369p. aAddison-Wesley student series aNASA Thesaurus aQuantum mechanics aQuantum theory aWittke, James P.